000 00427pab a2200157 454500
008 180718b2014 xxu||||| |||| 00| 0 eng d
100 _aSutradhar, Ruman
245 _aSilence of the Bengali dalits of Barak valley: A Marxist interpretation (Notes)
260 _c2014
300 _ap.75-79.
362 _a11 Oct
650 _aBackward classes
773 _aEconomic and Political Weekly
908 _aN
909 _a105749
999 _c105744
_d105744